Η κοινωνιολογία της οικογένειας

Αποθηκεύτηκε σε:
Λεπτομέρειες βιβλιογραφικής εγγραφής
Κύριος συγγραφέας: Dechaux, Jean-Hugues
Άλλοι συγγραφείς: Ρηγοπούλου, Συλβί (edtf), Καυκιάς, Γιάννης, 1945- (Μεταφραστής)
Μορφή: Βιβλίο
Γλώσσα:Greek
French
Δημοσίευση: Αθήνα : Πολύτροπον, 2008.
Σειρά:Μικρή σειρά (Πολύτροπον)
Θέματα:
Ετικέτες: Προσθήκη ετικέτας
Δεν υπάρχουν, Καταχωρήστε ετικέτα πρώτοι!

MARC

LEADER 00000cam a2200000 i 4500
001 1/34798
008 130821s2008 gr | ||| |||| ||gre||
020 |a 9789606840128 
035 |l 10115343 
040 |a GR-MY-UA  |b gre  |e aacr 
041 1 |a gre  |h fre 
082 7 |a 306.8   |2 (22) 
100 1 |a Dechaux, Jean-Hugues. 
245 1 2 |a Η κοινωνιολογία της οικογένειας /   |c Jean Hugues Dechaux ; μετάφραση: Γιάννης Καυκιάς, επιμέλεια κειμένου: Συλβί Ρηγοπούλου.  
260 |a Αθήνα :   |b Πολύτροπον,   |c 2008.  
300 |a 191 σ. ;   |c 16 εκ.  
490 1 |a (Μικρή σειρά / Πολύτροπον)  
500 |a Τίτλος πρωτοτύπου: Sociologie de la famille.  
504 |a Περιλαμβάνει ευρετήριο.  
650 0 0 |a Family. 
650 0 0 |a Kinship. 
700 1 |a Ρηγοπούλου, Συλβί,  |e edtf 
700 1 |a Καυκιάς, Γιάννης,   |d 1945-  |e trl 
830 0 |a Μικρή σειρά (Πολύτροπον) 
852 |a INST  |b LESVOS  |c EUDOXUS  |e 20130821  |h 306.8 DEC  |p 005100053120  |q 005100053120  |t EDX  |y 0 
901 |a BIBL1-2013-2 
909 |a Λ  |b 179100 
920 |a ΕΥΔΟΞΟΣ  |b ΠΑΡΑΓΓΕΛΙΑ  |y Λέσβος-ΤΚ  |z 2013-04 
970 |a ΤΖΑΦΕΡΗ  |b ΕΥΑΓΓΕΛΙΑ  |z 2013/08/22